000
00332nam a22001457a 4500
008
221212b ||||| |||| 00| 0 eng d
020
_a
9780130273198
041
_a
eng
080
_2
FOURTH EDITION
_a
7
082
_a
7SLA
100
_a
19
101
_a
ART
245
_a
WOMEN ARTISTS IN HISTORY
_c
SLATKIN WENDY
942
_2
udc
_c
BK
999
_c
59158
_d
59158